000 01318nam a22003737a 4500
003 CHAP
005 20220817044410.0
008 101123s2010 mx a r 00010 spa d
010 _a99917
011 _a100889
020 _a9680212614
035 _a111575
040 _cCHAP
082 1 4 _a620
_bUa1
110 1 _aUACH
245 1 0 _aInvestigación en matemáticas, física y economía y sus aplicaciones en ingeniería y cencias agrícolas
_c/por UACH, Colegio de Postgraduados e Instituto Politécnico Nacional
260 _aChapingo, Méx. :
_bUACH,
_c2010
300 _a457 p. :
_bilus., cuadros, diagramas, gráfs., tablas
590 _aBATCH-UPD
_b10
_c20130110
_lUCH01
_h1106
590 _aBATCH-UPD
_b10
_c20130410
_lUCH01
_h0658
590 _aBATCH-UPD
_b10
_c20130914
_lUCH01
_h1007
590 _aCONVERSION
_b10
_c20130109
_lUCH01
_h1355
650 1 4 _aFísica.
_941975
650 1 4 _aIngeniería agrícola.
_958196
650 1 4 _aIngeniería.
_958173
650 1 4 _aModelos econométricos.
_976416
650 1 4 _aModelos matemáticos.
_976419
710 0 _aColegio de Postgraduados. Chapingo, Méx.
_925068
710 0 _aInstituto Politécnico Nacional. México.
_959427
901 _aBK
911 _aen proceso
942 _cLIBRO
949 _a620 Ua1
_bBC
_cUACH
_d33724002225512
_eUACH
_h113849
_i111575
_sb
999 _c99917
_d99917